书目信息 |
| 题名: |
海河平原地下水演变与对策
|
|
| 作者: | 张光辉 著 | |
| 分册: | ||
| 出版信息: | 北京 科学出版社 2004 |
|
| 页数: | 331页 | |
| 开本: | 26cm | |
| 丛书名: | ||
| 单 册: | ||
| 中图分类: | P641.8 , TV213.4 | |
| 科图分类: | ||
| 主题词: | 地下水资源 , 水利资源开发 | |
| 电子资源: | ||
| ISBN: | 7-03-012370-0 | |
| 000 | 00960nam0 2200289 450 | |
| 000 | 00910nam0 2200265 450 | |
| 000 | 00841nam0 2200241 450 | |
| 000 | 00804nam0 2200229 45 | |
| 005 | 20070527134733.37 | |
| 010 | @a7-03-012370-0@dCNY66.00 | |
| 100 | @a20070418d2004 em y0chiy0120 ea | |
| 101 | 0 | @achi |
| 102 | @aCN@b110000 | |
| 105 | @ay z 000yy | |
| 200 | 1 | @a海河平原地下水演变与对策@AHai He Ping Yuan Di Xia Shui Yan Bian Yu Dui Ce@f张光辉等著@FZhang Guang Hui Deng Zhu |
| 210 | @a北京@c科学出版社@d2004 | |
| 215 | @a331页@d26cm | |
| 330 | @a本书论述了晚更新新世以来海河平原地下水形成与循环演化过程,以及人类活动对地下水循环条件影响机理和资源环境效应。 | |
| 606 | 0 | @a地下水资源 |
| 606 | 0 | @a水利资源开发 |
| 607 | @a华北平原@x地下水资源@x研究 | |
| 607 | @a华北平原 | |
| 690 | @aP641.8@v4 | |
| 690 | @aTV213.4@v3 | |
| 701 | 0 | @a张光辉@AZhang Guang Hui@c(水资源)@4著 |
| 801 | 0 | @aCN@bTAOJIN@c20070527 |
| 905 | @a10447@dTV213.4@e33 | |
| 海河平原地下水演变与对策/张光辉等著.-北京:科学出版社,2004 |
| 331页;26cm |
| ISBN 7-03-012370-0:CNY66.00 |
| 本书论述了晚更新新世以来海河平原地下水形成与循环演化过程,以及人类活动对地下水循环条件影响机理和资源环境效应。 |
| ● |
| 相关链接 |
|
|
|
|
正题名:海河平原地下水演变与对策
索取号:TV213.4/33
 
预约/预借
| 序号 | 登录号 | 条形码 | 馆藏地/架位号 | 状态 | 备注 |
| 1 | 0522886 | 205228868 | 第二样本阅览室/ [索取号:TV213.4/33] | 在馆 | |
| 2 | 0522887 | 205228877 | 第三借阅区/ [索取号:TV213.4/33] | 在馆 | |
| 3 | 0522888 | 205228886 | 第三借阅区/ [索取号:TV213.4/33] | 在馆 | |
| 4 | 0522889 | 205228895 | 第三借阅区/ [索取号:TV213.4/33] | 在馆 | |
| 5 | 0522890 | 205228902 | 第三借阅区/ [索取号:TV213.4/33] | 在馆 | |
| 6 | 0522891 | 205228911 | 第三借阅区/ [索取号:TV213.4/33] | 在馆 | |
| 7 | 0522892 | 205228920 | 第三借阅区/ [索取号:TV213.4/33] | 在馆 | |
| 8 | 0522893 | 205228939 | 第三借阅区/ [索取号:TV213.4/33] | 在馆 |